[Event "Geneve op"]
[Site "Geneve"]
[Date "1997.??.??"]
[Round "4"]
[White "Renet, Olivier"]
[Black "Wojtkiewicz, Aleksander"]
[Result "0-1"]
[WhiteElo "2505"]
[BlackElo "2565"]

1.e4 c5 2.Nf3 d6 3.d4 cxd4 4.Nxd4 Nf6 5.Nc3 a6 6.Be2 g6 7.g4 Bg7 8.g5 Nfd7
9.Be3 b5 10.Qd2 Bb7 11.O-O-O Nb6 12.Nb3 Nc6 13.Nd5 Na4 14.Nd4 Rc8 15.Kb1 Ne5
16.f3 O-O 17.h4 Bxd5 18.exd5 Nc4 19.Bxc4 bxc4 20.Nc6 Rxc6 21.dxc6 Qb8 22.c3 Nxc3+
23.Ka1 Nxd1 24.Rxd1 Qb5 25.Bd4 Bxd4 26.Qxd4 Qxc6 27.Qc3 Qc7 28.f4 Rb8  0-1

[Event "Geneve op"]
[Site "Geneve"]
[Date "1997.??.??"]
[Round "6"]
[White "Preissmann, Emmanuel"]
[Black "Wojtkiewicz, Aleksander"]
[Result "0-1"]
[WhiteElo "2365"]
[BlackElo "2565"]

1.e4 c5 2.c3 d5 3.exd5 Qxd5 4.d4 Nf6 5.Nf3 g6 6.Be2 Bg7 7.O-O O-O 8.c4 Qd8
9.d5 b5 10.a4 bxc4 11.Nc3 Nbd7 12.a5 Ba6 13.Bf4 Nh5 14.Be3 Rb8 15.Qc2 Rb4
16.Rfd1 Qb8 17.Ra2 Nf4 18.Bxf4 Qxf4 19.g3 Qb8 20.Re1 Ne5 21.Nxe5 Qxe5 22.Kf1 Qd6
23.Bf3 Bd4 24.Kg2 Rfb8 25.h4 h5 26.Re2 Kg7 27.Qc1 Bc8 28.Qa1 Qd7 29.Qh1 Bxc3
30.bxc3 Rb1 31.Qh2 Rc1 32.Rac2 Rbb1 33.Rxc1 Rxc1 34.Re4 Qd6 35.Re3 Bf5  0-1

[Event "Geneve op"]
[Site "Geneve"]
[Date "1997.??.??"]
[Round "8"]
[White "Wojtkiewicz, Aleksander"]
[Black "Gurevich, Dmitry"]
[Result "1/2-1/2"]
[WhiteElo "2565"]
[BlackElo "2580"]

1.Nf3 c5 2.c4 b6 3.g3 Bb7 4.Bg2 g6 5.d4 cxd4 6.Qxd4 Nf6 7.Nc3 Bg7 8.O-O d6
9.Be3 Nbd7 10.Rac1 Rc8 11.b3 a6 12.Rfd1 O-O 13.Qh4 Re8 14.Bh3 Rb8 15.Bh6  1/2-1/2

[Event "Graz op"]
[Site "Graz"]
[Date "1997.??.??"]
[Round "1"]
[White "Zugaj, Zvijezdana"]
[Black "Wojtkiewicz, Aleksander"]
[Result "0-1"]
[WhiteElo "2120"]
[BlackElo "2575"]

1.e4 c5 2.b3 d6 3.Bb2 Nf6 4.Nc3 g6 5.Nf3 Bg7 6.Bb5+ Nfd7 7.O-O a6 8.Bxd7+ Bxd7
9.d4 cxd4 10.Nxd4 O-O 11.Nd5 b5 12.Rb1 e6 13.Ne3 Re8 14.c4 e5 15.Ne2 Be6
16.Qd3 bxc4 17.Nxc4 d5 18.Nxe5 dxe4 19.Qxd8 Rxd8 20.Rfd1 Rxd1+ 21.Rxd1 Nc6
22.Nxc6 Bxb2 23.Nf4 Bg4 24.Rd8+ Rxd8 25.Nxd8 Bd7 26.Nb7 Bd4 27.Ne2 Ba7 28.Nc3 f5
29.Kf1 Bd4 30.Ne2 Bb6 31.Nc3 Kf8 32.Nd6 Bd4 33.Ne2 Bc5 34.Nb7 Bb4 35.Nd4 Kf7
36.a4 Kf6 37.Nc2 Be7 38.Na5 f4 39.Ke2 g5 40.Nc4 Bc5 41.Nd2 Ke5 42.Nc4+ Kd5
43.Nb2 Bf5 44.b4 Ba7 45.Na3 g4 46.a5 f3+ 47.gxf3 gxf3+ 48.Ke1 e3 49.fxe3 Bxe3
50.Nd1 f2+ 51.Nxf2 Bc1  0-1

[Event "Graz op"]
[Site "Graz"]
[Date "1997.??.??"]
[Round "2"]
[White "Wojtkiewicz, Aleksander"]
[Black "Deutsch, Ludwig"]
[Result "1-0"]
[WhiteElo "2575"]
[BlackElo "2185"]

1.Nf3 c5 2.c4 Nc6 3.d4 cxd4 4.Nxd4 d6 5.e4 Nf6 6.Nc3 e5 7.Nc2 Be7 8.Be2 O-O
9.Be3 b6 10.O-O Be6 11.b3 a6 12.f3 Qc7 13.Rc1 Qb7 14.Nd5 Bd8 15.Nxf6+ Bxf6
16.Qxd6 Rfd8 17.Qa3 Nd4  1-0

[Event "Graz op"]
[Site "Graz"]
[Date "1997.??.??"]
[Round "4"]
[White "Wojtkiewicz, Aleksander"]
[Black "Kreiman, Boris"]
[Result "0-1"]
[WhiteElo "2575"]
[BlackElo "2465"]

1.Nf3 Nf6 2.c4 g6 3.g3 Bg7 4.Bg2 O-O 5.d4 d5 6.cxd5 Nxd5 7.O-O Nb6 8.Nc3 Nc6
9.d5 Na5 10.e4 c6 11.Bf4 cxd5 12.exd5 Bxc3 13.bxc3 Qxd5 14.Qe1 Re8 15.h4 Nbc4
16.Ng5 Qc5 17.Rd1 Bf5 18.Rd5 Qc8 19.Qe2 e5 20.Bc1 f6 21.Ne4 Bxe4 22.Bxe4 f5
23.Bg2 Qc7 24.Bg5 e4 25.Rfd1 Ne5 26.Qb5 Nac6 27.Rd6 Qf7 28.h5 Qc4 29.Qxc4+ Nxc4
30.Rd7 N4e5 31.Rxb7 Rab8 32.Rc7 Rbc8 33.Rb7 Rb8 34.Rb3 gxh5 35.Rd5 Kf7 36.Be3 Ke6
37.Rc5 Red8 38.Bf1 h4 39.Bc4+ Kf6 40.Rxb8 Rxb8 41.gxh4 Nf3+ 42.Kg2 Nce5 43.Bb3 Nxh4+
44.Kg3 Nhg6 45.Ra5 Rc8 46.Bd4 h5 47.Rxa7 h4+ 48.Kh2 Kg5 49.Bd1 Nc6 50.Rd7 Nxd4
51.cxd4 Rc1 52.Bb3 Nf4 53.Rg7+ Kf6 54.Rg1 Rxg1 55.Kxg1 Ne2+ 56.Kg2 Nxd4 57.Bc4 Kg5
58.a4 Kg4 59.a5 h3+ 60.Kh2 Nf3+ 61.Kh1 Ne5 62.Be2+ Kh4 63.Bb5 Ng4 64.Kg1 e3
65.f3 Kg3 66.fxg4 f4  0-1

[Event "Graz op"]
[Site "Graz"]
[Date "1997.??.??"]
[Round "5"]
[White "Riemelmoser, Oliver"]
[Black "Wojtkiewicz, Aleksander"]
[Result "0-1"]
[WhiteElo "2230"]
[BlackElo "2575"]

1.Nf3 c5 2.c4 g6 3.g3 Bg7 4.d4 cxd4 5.Nxd4 Nc6 6.Nb3 a5 7.Nc3 a4 8.Nc5 a3
9.Nb3 d6 10.e4 Nf6 11.Qe2 O-O 12.Bg2 Bg4 13.f3 Be6 14.Nb5 axb2 15.Bxb2 Ra4
16.Nd2 Qb6 17.Rb1 Rxa2 18.Qf2 Qxf2+ 19.Kxf2 Nxe4+ 20.fxe4 Bxb2 21.Ke3 Bg7
22.Rhc1 Bh6+  0-1

[Event "Graz op"]
[Site "Graz"]
[Date "1997.??.??"]
[Round "7"]
[White "Zifroni, Dov"]
[Black "Wojtkiewicz, Aleksander"]
[Result "1-0"]
[WhiteElo "2500"]
[BlackElo "2575"]

1.d4 Nf6 2.c4 e6 3.Nc3 Bb4 4.e3 Nc6 5.Bd3 d5 6.cxd5 Qxd5 7.Nf3 e5 8.dxe5 Nxe5
9.Nxe5 Bxc3+ 10.bxc3 Qxe5 11.Qc2 O-O 12.Bb2 Re8 13.c4 Qe7 14.O-O h6 15.Qc3 Qf8
16.Rad1 b6 17.c5 Qxc5 18.Qxc5 bxc5 19.Bb5 Rf8 20.Ba3 Rb8 21.Bxc5 Bg4 22.f3 Rxb5
23.Bxf8 Be6 24.Rd8 Kh7 25.a3 Nd5 26.e4 Nf4 27.Rd2 Bc4 28.Rfd1 Ne6 29.Rc1 Bb3
30.Bb4 a5 31.Bc3 a4 32.Kf2 g5 33.Ba1 c5 34.g3 c4 35.Rd5 Rb7 36.Bc3 Rc7 37.Ke3 Nc5
38.Rd8 Nd3 39.Rh8+ Kg6 40.Rg8+ Kh5 41.Rh1 f5 42.h4  1-0

[Event "Graz op"]
[Site "Graz"]
[Date "1997.??.??"]
[Round "8"]
[White "Wojtkiewicz, Aleksander"]
[Black "Singer, Richard"]
[Result "1-0"]
[WhiteElo "2575"]
[BlackElo "2160"]

1.Nf3 Nf6 2.c4 g6 3.g3 Bg7 4.Bg2 d6 5.d4 O-O 6.O-O c6 7.Nc3 Nbd7 8.e4 e5
9.Rb1 Re8 10.h3 exd4 11.Nxd4 Nc5 12.Re1 a5 13.b3 Nfd7 14.Be3 Ne5 15.Re2 f5
16.exf5 gxf5 17.Rd2 Ne4 18.Nxe4 fxe4 19.Bxe4 Qf6 20.Qh5 Ng6 21.Bg2 Re5 22.Qf3 Qe7
23.Rbd1 Bd7 24.Ne2 Rf5 25.Nf4 Ne5 26.Qe4 Rf7 27.g4 Qh4 28.Rxd6 Bxg4 29.Ne6 Bf6
30.hxg4 Nxg4 31.Qf4 Re8 32.Ng5 Rff8 33.Nf3 Qh5 34.Qg3 Rf7 35.Rd7 Ref8 36.Bh3  1-0

[Event "Graz op"]
[Site "Graz"]
[Date "1997.??.??"]
[Round "9"]
[White "Van den Doel, Erik"]
[Black "Wojtkiewicz, Aleksander"]
[Result "0-1"]
[WhiteElo "2440"]
[BlackElo "2575"]

1.e4 c5 2.Nf3 d6 3.d4 cxd4 4.Nxd4 Nf6 5.Nc3 a6 6.Be3 e5 7.Nb3 Be6 8.Qd2 Nbd7
9.f3 Rc8 10.g4 Nb6 11.O-O-O Be7 12.h4 O-O 13.g5 Nh5 14.Qf2 Nc4 15.Bxc4 Rxc4
16.Nd5 Bxd5 17.Rxd5 f5 18.exf5 Rxf5 19.Nd2 Rc6 20.Qe2 Qf8 21.Qd3 Qf7 22.Kb1 Bf8
23.Qb3 Qe6 24.Rd3 Qxb3 25.axb3 Kf7 26.Rg1 Be7 27.Rg4 b5 28.c4 Ke6 29.Rc3 Kd7
30.cxb5 axb5 31.Rb4 d5 32.Rxb5 d4 33.Rb7+ Kc8 34.Rxe7 dxc3 35.bxc3 Rxc3 36.Nc4 Rxf3
37.Bb6 Rxb3+ 38.Ka2 Rbd3 39.Rxe5 Kb7 40.Be3 Rh3 41.Rb5+ Kc8 42.Rc5+ Kd8 43.g6 Rh2+
44.Nb2 hxg6 45.Bg5+ Ke8 46.Rc8+ Kf7 47.Rb8 Rf3 48.Kb1 Nf4 49.Rb7+ Kg8 50.Rb8+ Kh7
51.Rf8 Rb3 52.Rxf4 Rbxb2+ 53.Kc1 Rbc2+ 54.Kb1 Rcf2 55.Rxf2 Rxf2 56.Kc1 Kg8
57.Kd1 Kf7 58.Ke1 Rh2  0-1

[Event "Lichtenstein op"]
[Site "Lichtenstein"]
[Date "1997.??.??"]
[Round "4"]
[White "Grabher, Heinz"]
[Black "Wojtkiewicz, Aleksander"]
[Result "1/2-1/2"]
[WhiteElo "2275"]
[BlackElo "2565"]

1.e4 c5 2.Nf3 d6 3.d4 cxd4 4.Nxd4 Nf6 5.Nc3 a6 6.Bc4 e6 7.Bb3 b5 8.f4 Bb7
9.f5 e5 10.Nde2 Nxe4 11.Bd5 Nxc3 12.Nxc3 Bxd5 13.Qxd5 Nd7 14.Bg5 Be7 15.Bxe7 Kxe7
16.O-O-O Nf6 17.Qf3 Qc7 18.g4 b4 19.Nd5+ Nxd5 20.Rxd5 Rac8 21.Qd1 Qb6 22.Rf1 f6
23.Qd3 h6 24.Rd1 Rc6 25.Qb3 Rhc8 26.R5d2 Rc4 27.Kb1 R8c6 28.Rg2 Qc7 29.h4 Qc8
30.Rf1 Rd4 31.Qh3 Qh8 32.Qb3 Qc8 33.Qh3 Rcc4 34.g5 Rf4 35.gxf6+ Kxf6 36.Rg6+ Kf7
37.Rfg1 Qxf5 38.Qg2 Qe4 39.Rxg7+ Ke6 40.Qh3+ Kf6 41.Rf7+ Kxf7 42.Qd7+ Kf6
43.Qxd6+ Kf7 44.Qd7+ Kf6 45.Qd6+ Kf7  1/2-1/2

[Event "Lichtenstein op"]
[Site "Lichtenstein"]
[Date "1997.??.??"]
[Round "7"]
[White "Pribyl, Martin"]
[Black "Wojtkiewicz, Aleksander"]
[Result "1/2-1/2"]
[WhiteElo "2305"]
[BlackElo "2565"]

1.Nf3 c5 2.c4 g6 3.Nc3 Bg7 4.g3 b6 5.Bg2 Bb7 6.O-O Nf6 7.b3 O-O 8.Bb2 Na6
9.Rc1 e6 10.d4 d5 11.e3 Qe7 12.Qe2 Rfd8 13.Rfd1 dxc4 14.bxc4 Ne4 15.Nb5 Nb4
16.a3 Nc6 17.Ne5 Na5 18.f3 Nf6 19.Bc3 Nc6 20.f4 Nxe5  1/2-1/2

[Event "Anibal op 4th"]
[Site "Linares"]
[Date "1997.??.??"]
[Round "2"]
[White "Wojtkiewicz, Aleksander"]
[Black "Maherramzade, Javad"]
[Result "0-1"]
[WhiteElo "2565"]
[BlackElo "2430"]

1.Nf3 c5 2.c4 Nc6 3.d4 cxd4 4.Nxd4 g6 5.e4 Bg7 6.Be3 Nf6 7.Nc3 Ng4 8.Qxg4 Nxd4
9.Qd1 Ne6 10.Rc1 Qa5 11.Qd2 d6 12.Bd3 g5 13.O-O Bd7 14.Bb1 Qe5 15.b4 h5 16.Nd5 Kf8
17.Rfd1 Ba4 18.Bc2 Bc6 19.f3 h4 20.Bb3 g4 21.b5 Bxd5 22.cxd5 Nc5 23.f4 Qxe4
24.Rxc5 dxc5 25.Bxc5 b6 26.Ba3 Rd8 27.Bc2 Qc4 28.Qe3 Bf6 29.Bb3 Qxb5 30.d6 exd6
31.Rd5 Qe8 32.Qd2 Rh6 33.Rf5 Qe4 34.Rd5 Re8 35.Rxd6 Kg7 36.Rd3 Rg6 37.Bd5 Qe1+  0-1

[Event "Anibal op 4th"]
[Site "Linares"]
[Date "1997.??.??"]
[Round "4"]
[White "Wojtkiewicz, Aleksander"]
[Black "Konguveel, Ponnuswamy"]
[Result "1-0"]
[WhiteElo "2565"]
[BlackElo "2425"]

1.Nf3 Nf6 2.c4 c5 3.Nc3 d5 4.cxd5 Nxd5 5.g3 Nc6 6.Bg2 Nc7 7.Qa4 Bd7 8.Qe4 f6
9.d4 cxd4 10.Nxd4 e5 11.Nf5 g6 12.Nh6 Qe7 13.O-O O-O-O 14.Qh4 Kb8 15.f4 Bg7
16.g4 Bxh6 17.Qxh6 Bxg4 18.Qh4 h5 19.fxe5 fxe5 20.Bg5 Qc5+ 21.Kh1 Rd7 22.Ne4 Qc4
23.Nf6 Rd4 24.e3 Rd2 25.e4 Rxg2 26.Kxg2 Be2 27.Rf2 Nd4 28.Nd7+ Ka8 29.Nxe5 Qe6  1-0

[Event "Anibal op 4th"]
[Site "Linares"]
[Date "1997.??.??"]
[Round "9"]
[White "Korneev, Oleg"]
[Black "Wojtkiewicz, Aleksander"]
[Result "0-1"]
[WhiteElo "2590"]
[BlackElo "2565"]

1.e4 c5 2.Nf3 d6 3.d4 Nf6 4.Nc3 cxd4 5.Nxd4 a6 6.Be3 Ng4 7.Bc1 Nf6 8.Be3 Ng4
9.Bg5 h6 10.Bh4 g5 11.Bg3 Bg7 12.Be2 h5 13.Bxg4 Bxg4 14.f3 Bd7 15.Bf2 Nc6
16.Nd5 Rb8 17.O-O e6 18.Nxc6 bxc6 19.Ne3 d5 20.Rb1 Rxb2 21.Rxb2 Bxb2 22.c4 d4
23.Nc2 e5 24.Nb4 Bc3 25.Nd3 Qa5 26.h4 Rg8 27.Qb3 Qd8 28.hxg5 Rxg5 29.Qa4 Rg6
30.f4  0-1

[Event "Greenhills op"]
[Site "Manila"]
[Date "1997.??.??"]
[Round "5"]
[White "Wojtkiewicz, Aleksander"]
[Black "Toledo, Rodolfo"]
[Result "1-0"]
[WhiteElo "2565"]
[BlackElo "2270"]

1.Nf3 d5 2.d4 c5 3.c4 Nf6 4.cxd5 cxd4 5.Qxd4 Qxd5 6.Nc3 Qxd4 7.Nxd4 e5 8.Ndb5 Na6
9.e4 Bb4 10.f3 O-O 11.a3 Bxc3+ 12.Nxc3 Be6 13.Be3 Rfc8 14.Nb5 Nc5 15.Be2 Nb3
16.Rb1 a6 17.Nd6 Rc6 18.Nxb7 Rb8 19.Rd1 Rc2 20.Bxa6 Rxg2 21.Bf2 Nd4 22.Bxd4 exd4
23.Rxd4 Rxb2 24.O-O Rb6 25.Nc5 Bh3 26.Rfd1 g6 27.Be2 Rc6 28.Rd8+ Rxd8 29.Rxd8+ Kg7
30.Nd3 g5 31.a4 Rc2 32.Kf2 Ra2 33.Rd4 Bc8 34.Ke3 Nh5 35.Nc1 Ra3+ 36.Kd2 Nf4
37.Bd1 Ng6 38.Bb3 Be6 39.Kc3 Ra1 40.Kb2 Rxc1 41.Kxc1 Bxb3 42.a5 Ne5 43.a6 Nc6
44.Rd7 Bc4 45.a7 Nxa7 46.Rxa7 Be6 47.Kd2 h6 48.Ke3 Bb3 49.Kd4 Be6 50.Ke5 Bc4
51.Rc7 Be6 52.Rc6 Bb3 53.Rf6 Bd1 54.Rf5 Bb3 55.f4 gxf4 56.Rxf4 Kg6 57.Rg4+ Kh5
58.Rg2  1-0

[Event "Greenhills op"]
[Site "Manila"]
[Date "1997.??.??"]
[Round "7"]
[White "Wojtkiewicz, Aleksander"]
[Black "Ramos, Domingo"]
[Result "1-0"]
[WhiteElo "2565"]
[BlackElo "2325"]

1.Nf3 Nf6 2.c4 c6 3.d4 d5 4.Qc2 g6 5.Bf4 Bf5 6.Qb3 Qb6 7.c5 Qxb3 8.axb3 Bxb1
9.Rxb1 Nh5 10.Bd2 Nd7 11.b4 Bg7 12.g4 Nhf6 13.h3 O-O 14.Bf4 Ne4 15.e3 a6
16.Bd3 Rfe8 17.Ke2 a5 18.bxa5 e5 19.Nxe5 Bxe5 20.dxe5 Rxa5 21.Ra1 Rxa1 22.Rxa1 Nexc5
23.Bc2 Ne4 24.Bd3 Nxe5 25.Ra7 Nc5 26.Bc2 f6 27.b4 Ncd7 28.Rxb7 Rb8 29.Rxb8+ Nxb8
30.Kd2 Kf7 31.Kc3 Ke6 32.Bg3 Na6 33.f4 Nd7 34.Bd3 Nab8 35.f5+ Kf7 36.b5  1-0

[Event "Greenhills op"]
[Site "Manila"]
[Date "1997.??.??"]
[Round "11"]
[White "Wojtkiewicz, Aleksander"]
[Black "Garma, Chito"]
[Result "1-0"]
[WhiteElo "2565"]
[BlackElo "2400"]

1.Nf3 f5 2.b3 b6 3.Bb2 Bb7 4.g3 Nf6 5.Bg2 e6 6.O-O Be7 7.c4 O-O 8.d4 Qc8
9.Nc3 Ne4 10.d5 Bf6 11.Nd4 Nxc3 12.Bxc3 c5 13.Nb5 Bxc3 14.Nxc3 e5 15.e4 f4
16.Qh5 d6 17.Bh3 Qc7 18.Be6+ Kh8 19.Bf5 g6 20.Bxg6 Qg7 21.Bf5 Nd7 22.Qg4 Qxg4
23.Bxg4 Nf6 24.Bf5 Bc8 25.Bxc8 Raxc8 26.f3 Rf7 27.Kf2 Rcf8 28.g4 Ne8 29.h4 Nc7
30.a3 Rc8 31.Ke2 h5 32.Rg1 Rg7 33.Rg2 Rcg8 34.Rag1 Kh7 35.Kf2 Kh6 36.b4 cxb4
37.axb4 Rc8 38.c5 bxc5 39.bxc5 hxg4 40.Rxg4 Rxg4 41.Rxg4 Ne8 42.c6 Nc7 43.h5 Kxh5
44.Rg7 a6 45.Rd7 Ne8 46.Na4 Kh4 47.Nb6 Rb8 48.Rb7  1-0

[Event "Metz op"]
[Site "Metz"]
[Date "1997.??.??"]
[Round "1"]
[White "Wojtkiewicz, Aleksander"]
[Black "Schoumert, Robert"]
[Result "1-0"]
[WhiteElo "2565"]
[BlackElo "1840"]

1.Nf3 Nf6 2.c4 c6 3.d4 d5 4.Qc2 g6 5.Bf4 Bf5 6.Qb3 Qb6 7.c5 Qxb3 8.axb3 Nbd7
9.Nc3 Bg7 10.h3 O-O 11.e3 Ne4 12.b4 a5 13.Rxa5 Rxa5 14.bxa5 Nxc3 15.bxc3 Ra8
16.Bc7 Nxc5 17.dxc5 Bxc3+ 18.Nd2 Bxa5 19.Bxa5 Rxa5 20.Nb3 Ra3 21.Nd4 Rc3
22.Kd2 Rxc5 23.g4 e5 24.gxf5  1-0

[Event "Metz op"]
[Site "Metz"]
[Date "1997.??.??"]
[Round "2"]
[White "Karp, Serge"]
[Black "Wojtkiewicz, Aleksander"]
[Result "0-1"]
[WhiteElo "2145"]
[BlackElo "2565"]

1.d4 g6 2.e4 Bg7 3.Nc3 d6 4.Be3 a6 5.Qd2 Nd7 6.h4 b5 7.h5 Ngf6 8.hxg6 hxg6
9.Rxh8+ Bxh8 10.f3 Bb7 11.Nh3 c6 12.a4 Qa5  0-1

[Event "Metz op"]
[Site "Metz"]
[Date "1997.??.??"]
[Round "4"]
[White "Pirrot, Dieter"]
[Black "Wojtkiewicz, Aleksander"]
[Result "0-1"]
[WhiteElo "2415"]
[BlackElo "2565"]

1.e4 c5 2.c3 d5 3.exd5 Qxd5 4.d4 Nf6 5.Nf3 g6 6.Na3 Bg7 7.Bc4 Qe4+ 8.Be3 O-O
9.O-O cxd4 10.Bxd4 Nc6 11.Re1 Qf4 12.Be5 Nxe5 13.Nxe5 Ng4 14.Nxg4 Bxg4 15.f3 Bc8
16.Qa4 Qc7 17.Rad1 a6 18.Bb3 b5 19.Nxb5 Qb6+ 20.Kf1 Qxb5+ 21.Qxb5 axb5 22.Rxe7 Bf6
23.Ree1 Kg7 24.a3 h5 25.Rd6 Ra7  0-1

[Event "Metz op"]
[Site "Metz"]
[Date "1997.??.??"]
[Round "6"]
[White "Khenkin, Igor"]
[Black "Wojtkiewicz, Aleksander"]
[Result "1/2-1/2"]
[WhiteElo "2575"]
[BlackElo "2565"]

1.d4 g6 2.e4 Bg7 3.Nc3 d6 4.Nge2 Nf6 5.g3 O-O 6.Bg2 e5 7.h3 Nc6 8.Be3 Bd7
9.O-O exd4 10.Nxd4 Re8 11.Re1 Qc8 12.Kh2 Ne5 13.b3 a6 14.Qd2 b5 15.Rad1 c5
16.Nde2 Bc6 17.Nf4 Qb7 18.Nfd5 Ned7 19.Nxf6+ Nxf6 20.Qxd6 Nxe4 21.Nxe4 Bxe4
22.Bxe4 Qxe4 23.Qxc5 Rec8 24.Qb6 Qxc2 25.Rd2 Qf5 26.Red1 h5 27.Rd5 Qf3 28.Qb7 Bf8
29.Rd7 Qxb7 30.Rxb7 Bc5 31.Bxc5 Rxc5 32.Kg2 Rc2 33.Rdd7 Rf8 34.a4 bxa4 35.bxa4 Rc4
36.a5 Rc5 37.Ra7 Rxa5 38.Rd6  1/2-1/2

[Event "Metz op"]
[Site "Metz"]
[Date "1997.??.??"]
[Round "8"]
[White "Wojtkiewicz, Aleksander"]
[Black "Spraggett, Kevin"]
[Result "1-0"]
[WhiteElo "2565"]
[BlackElo "2580"]

1.Nf3 Nf6 2.c4 c5 3.Nc3 e6 4.g3 b6 5.Bg2 Bb7 6.O-O a6 7.b3 Be7 8.d4 cxd4
9.Qxd4 d6 10.Ba3 Nc6 11.Qf4 Qc7 12.Rfd1 Rd8 13.Rd2 O-O 14.Rad1 Nh5 15.Qe3 Nf6
16.Na4 b5 17.Qb6 Qxb6 18.Nxb6 Ne4 19.Nd4 Na7 20.Bxe4 Bxe4 21.cxb5 axb5 22.f3 Bg6
23.Rc1 Rfe8 24.Rc7 Rb8 25.Nd7 Ra8 26.Nb6 Rab8 27.Rxe7 Rxe7 28.Bxd6 Ree8 29.Bxb8 Rxb8
30.Nd7 Rc8 31.Kf2 Bb1 32.e4 h5 33.Rb2 Bxe4 34.fxe4 Rd8 35.Nxe6 Rxd7 36.Nf4 h4
37.gxh4 Nc6 38.Ke3 Rd1 39.Nd3 Kf8 40.Rc2 Nd8 41.Rc8 Ke7 42.Rc1 Rxc1 43.Nxc1 Kd6
44.Nd3 Nc6 45.h5 Ke6 46.Kf4 Nd4 47.h3 f6 48.a4  1-0

[Event "North Bay op"]
[Site "North Bay"]
[Date "1997.??.??"]
[Round "2"]
[White "Castaneda, Nelson"]
[Black "Wojtkiewicz, Aleksander"]
[Result "1-0"]
[WhiteElo "2310"]
[BlackElo "2575"]

1.e4 c5 2.Nf3 d6 3.d4 cxd4 4.Nxd4 Nf6 5.Nc3 a6 6.Bg5 e6 7.f4 Qc7 8.Qf3 b5
9.O-O-O b4 10.Nce2 Nbd7 11.Ng3 Bb7 12.Bd3 Rc8 13.Kb1 Be7 14.Nh5 Nxh5 15.Qxh5 g6
16.Qh6 Bxg5 17.fxg5 Ke7 18.Rhf1 Qd8 19.Rd2 Qg8 20.Rdf2 Rf8 21.h3 Nc5 22.Nb3 Rc8
23.Qh4 Nd7 24.Na5 Rc7 25.Nxb7 Rxb7 26.Bxa6 Ra7 27.Rxf7+  1-0

[Event "North Bay op"]
[Site "North Bay"]
[Date "1997.??.??"]
[Round "5"]
[White "Wojtkiewicz, Aleksander"]
[Black "Teodoro, Eduardo"]
[Result "1-0"]
[WhiteElo "2575"]
[BlackElo "2350"]

1.Nf3 Nf6 2.c4 c5 3.Nc3 g6 4.e4 Bg7 5.d4 cxd4 6.Nxd4 d6 7.Be2 Nc6 8.Be3 O-O
9.O-O Bd7 10.Qd2 Ng4 11.Bxg4 Bxg4 12.f4 Bd7 13.b3 f5 14.exf5 Bxf5 15.Rac1 Kh8
16.Rfe1 Qd7 17.h3 h5 18.Rcd1 Rad8 19.Re2 a6 20.Nxc6 bxc6 21.Bd4 Rf7 22.c5 e5
23.fxe5 dxc5 24.Bxc5 Qxd2 25.Rdxd2 Rxd2 26.Rxd2 Bxe5 27.Bd4 Bxd4+ 28.Rxd4 Kg7
29.Na4 Bb1 30.Rd2 a5 31.Nc5 Rf5 32.Ne6+ Kh6 33.Rd8 g5 34.a3 Rf6 35.Nc5 g4
36.hxg4 hxg4 37.Kh2 Kg5 38.Kg3 Rf5 39.Ne6+ Kg6 40.Nd4 Rc5 41.Kf4 a4 42.Rd6+ Kf7
43.b4 Rc3 44.Rxc6 Rxa3 45.Ra6 Rd3 46.Nc6 Rd2 47.g3 Ke6 48.Rxa4 Kd5 49.b5 Rb2
50.Na7 Bc2 51.Ra6 Rb4+ 52.Kg5 Bd3 53.Rf6 Be2 54.b6 Kc5 55.Rc6+ Kd5 56.Rh6 Bf3
57.Nc8 Kc5 58.Rh7 Kd4 59.Re7 Kd3 60.Re6 Kd2 61.Ne7 Kd3 62.Nc6 Rb5+ 63.Kf4 Bd5
64.Rd6 Kc4 65.b7 Bxc6 66.Rxc6+ Kd5 67.Rc7 Rb4+ 68.Kf5 Kd6 69.Rg7 Kd5 70.Rd7+ Kc6
71.Ke6 Rb3 72.Rg7 Rb4 73.Rxg4 Rxb7 74.Rc4+ Kb5 75.Re4 Rg7 76.g4 Kc5 77.Kf6 Ra7
78.g5 Ra2 79.g6 Rf2+ 80.Ke6 Rg2 81.Kf7 Kd5 82.Rf4 Ke5 83.Rf1 Rg3 84.g7  1-0

[Event "Nova Gorica op"]
[Site "Nova Gorica"]
[Date "1997.??.??"]
[Round "1"]
[White "Wojtkiewicz, Aleksander"]
[Black "Djurkovic, Maks"]
[Result "1-0"]
[WhiteElo "2565"]
[BlackElo "2130"]

1.Nf3 g6 2.d4 Bg7 3.c4 d6 4.Nc3 Nd7 5.g3 e5 6.Bg2 Ne7 7.O-O O-O 8.e4 exd4
9.Nxd4 Nc6 10.Nde2 Nde5 11.b3 f5 12.f4 Ng4 13.h3 Nf6 14.exf5 Bxf5 15.Be3 Qd7
16.g4 Rad8 17.Bf2 Nxg4 18.hxg4 Bxg4 19.Qd5+ Kh8 20.Rae1 Bh3 21.Qf3 Bxg2 22.Kxg2 Ne5
23.Qg3 Ng4 24.Bd4 Nh6 25.Bxg7+ Kxg7 26.Nd5 Rf5  1-0

[Event "Nova Gorica op"]
[Site "Nova Gorica"]
[Date "1997.??.??"]
[Round "3"]
[White "Wojtkiewicz, Aleksander"]
[Black "Vombek, Dani"]
[Result "1-0"]
[WhiteElo "2565"]
[BlackElo "2300"]

1.Nf3 Nf6 2.c4 g6 3.g3 Bg7 4.Bg2 O-O 5.d4 d6 6.O-O c5 7.dxc5 dxc5 8.Ne5 Nfd7
9.Nxd7 Nxd7 10.Qb3 Ne5 11.Rd1 Qa5 12.Nc3 Qb4 13.Nd5 Qxc4 14.Nxe7+ Kh8 15.Nxc8 Raxc8
16.Bf4 Qxb3 17.axb3 Nc6 18.Bxc6 Rxc6 19.Rxa7 Rb6 20.Rd7 Rxb3 21.Bd6 Rc8 22.Rc7 Re8
23.Bxc5 Rxb2 24.Rxf7 Rb1+ 25.Kg2 Kg8 26.Rd7  1-0

[Event "Nova Gorica op"]
[Site "Nova Gorica"]
[Date "1997.??.??"]
[Round "4"]
[White "Horvath, Csaba"]
[Black "Wojtkiewicz, Aleksander"]
[Result "1/2-1/2"]
[WhiteElo "2485"]
[BlackElo "2565"]

1.d4 g6 2.e4 Bg7 3.Nc3 d6 4.Be3 a6 5.Qd2 b5 6.f3 Nd7 7.Bd3 Rb8 8.Bf2 c5 9.a4 b4
10.Nd1 Ngf6 11.dxc5 dxc5  1/2-1/2

[Event "Nova Gorica op"]
[Site "Nova Gorica"]
[Date "1997.??.??"]
[Round "5"]
[White "Wojtkiewicz, Aleksander"]
[Black "Drazic, Sinisa"]
[Result "1-0"]
[WhiteElo "2565"]
[BlackElo "2430"]

1.Nf3 d5 2.d4 Nf6 3.c4 e6 4.g3 Bb4+ 5.Bd2 Be7 6.Bg2 O-O 7.O-O c6 8.Qc2 b6
9.Bf4 Ba6 10.b3 Nbd7 11.Rd1 Rc8 12.Nc3 Nh5 13.Bc1 f5 14.Bb2 Bd6 15.e3 Nhf6
16.a4 Qe7 17.a5 b5 18.c5 Bc7 19.Na2 Ne4 20.Nb4 Nb8 21.Nd3 Nd7 22.Nfe5 Bxe5
23.dxe5 b4 24.Nxb4 Bb5 25.f3 Qxc5 26.fxe4 Qxe3+ 27.Qf2 Qxf2+ 28.Kxf2 fxe4+
29.Ke3 Rb8 30.Nc2 Bd3 31.Nd4 Nxe5 32.Nxe6 Ng4+ 33.Kd4 Rf2 34.Bh3 Nxh2 35.Ba3 Nf3+
36.Kc5 Rc2+ 37.Kd6 Rxb3 38.Nc5 Rxc5 39.Be6+ Kh8 40.Bxc5 Bb5 41.Rab1 Nd2 42.Rxb3 Nxb3
43.a6  1-0

[Event "Nova Gorica op"]
[Site "Nova Gorica"]
[Date "1997.??.??"]
[Round "7"]
[White "Wojtkiewicz, Aleksander"]
[Black "Mikhalchishin, Adrian"]
[Result "1-0"]
[WhiteElo "2565"]
[BlackElo "2515"]

1.d4 d5 2.c4 e6 3.Nf3 Nf6 4.g3 dxc4 5.Bg2 Nc6 6.Qa4 Nd7 7.Qxc4 Nb6 8.Qd3 e5
9.Bg5 f6 10.Be3 exd4 11.Nxd4 Bb4+ 12.Nc3 Nxd4 13.Bxd4 c5 14.Be3 Qxd3 15.exd3 Na4
16.O-O Nxb2 17.Nb5 Kd7 18.a3 Ba5 19.Bxc5 a6 20.Nd6 Na4 21.d4 Kc7 22.Nc4 Bc3
23.Bd6+ Kd8 24.Rab1 Re8 25.Bxb7 Bxb7 26.Rxb7 Rc8 27.Ne3 Re6 28.Nf5 Bxd4 29.Be7+  1-0

[Event "World op"]
[Site "Philadelphia"]
[Date "1997.??.??"]
[Round "4"]
[White "Sherzer, Alex"]
[Black "Wojtkiewicz, Aleksander"]
[Result "0-1"]
[WhiteElo "2500"]
[BlackElo "2575"]

1.e4 c5 2.Nf3 d6 3.d4 cxd4 4.Nxd4 Nf6 5.Nc3 a6 6.h3 e6 7.g4 b5 8.g5 Nfd7
9.Bg2 Bb7 10.Be3 Ne5 11.a4 b4 12.Nce2 d5 13.Ng3 Be7 14.h4 dxe4 15.Nxe4 Qc7
16.Qh5 g6 17.Qe2 Nbd7 18.O-O-O Nc4 19.Nf6+ Nxf6 20.Bxb7 Qxb7 21.Qxc4 Rc8
22.Qd3 Nh5 23.Kb1 O-O 24.Qe2 Rfd8 25.Qf3 Rd5 26.Bc1 Qd7 27.Nb3 Rxd1 28.Rxd1 Qxa4
29.Qb7 Qc6 30.Rd7 Qxb7 31.Rxb7 Kf8 32.Nd4 Ke8 33.b3 Ng7 34.Bf4 Bc5 35.Be5 Nf5
36.Nxf5 exf5 37.f4 Rd8 38.c4 bxc3 39.Bxc3 Bd6 40.Bd2 Rb8 41.Rxb8+ Bxb8 42.Kc2 Ba7
43.Be1 Kd7 44.Kd3 Kc6 45.Kc4 Be3 46.Bg3 Bg1 47.Kb4 Kd5 48.Ka5 Ke4 49.b4 Kf3
50.Be1 Kxf4 51.Kxa6 Kf3 52.b5 f4 53.Bd2 Ke4  0-1

[Event "Mechanics"]
[Site "San Francisco"]
[Date "1997.??.??"]
[Round "5"]
[White "Frias, Victor J"]
[Black "Wojtkiewicz, Aleksander"]
[Result "1-0"]
[WhiteElo "2515"]
[BlackElo "2575"]

1.d4 Nf6 2.c4 e6 3.Nc3 Bb4 4.Qc2 O-O 5.a3 Bxc3+ 6.Qxc3 b6 7.Nf3 Bb7 8.g3 d6
9.Bg2 Nbd7 10.O-O c5 11.Rd1 Rc8 12.Bg5 h6 13.Bxf6 Nxf6 14.dxc5 Rxc5 15.b4 Rc7
16.Qd4 Qe7 17.Qxd6 Qxd6 18.Rxd6 Bxf3 19.Bxf3 Rxc4 20.Bb7 Rb8 21.Ba6 Rc3 22.Kf1 Kf8
23.Ke1 Nd5 24.Rd7 Rc7 25.Rxc7 Nxc7 26.Bd3 Ke7 27.Rc1 Kd7 28.f4 f6 29.Kf2 Rc8
30.Kf3 Nd5 31.Rxc8 Kxc8 32.Bc4 Nc7 33.Kg4 Kd7 34.Kh5 Ke7 35.Kg6 Kf8 36.e4 a6
37.h4 a5 38.bxa5 bxa5 39.a4 Ne8 40.Bxe6 Nd6 41.Bd5 Nc8 42.Kf5 Nb6 43.Bb3 Nd7
44.Bc4 Nc5 45.Bb5 Kf7 46.h5 Ke7 47.e5 fxe5 48.Kxe5 Ne6 49.Kd5 Nf8 50.Kc5 Ne6+
51.Kb6 Nd4 52.Kxa5  1-0

[Event "Mechanics"]
[Site "San Francisco"]
[Date "1997.??.??"]
[Round "7"]
[White "Donaldson, John W"]
[Black "Wojtkiewicz, Aleksander"]
[Result "1/2-1/2"]
[WhiteElo "2430"]
[BlackElo "2575"]

1.Nf3 c5 2.c4 Nf6 3.Nc3 b6 4.g3 Bb7 5.Bg2 g6 6.O-O Bg7 7.d4 cxd4 8.Qxd4 d6
9.Be3 Nbd7 10.Rac1 Rc8 11.b3 a6 12.Rfd1 O-O 13.Qh4  1/2-1/2